000 00550nam a2200205Ia 4500
008 220216s9999 xx 000 0 und d
100 _aAtta-Krah K
245 0 _aManaging biological and genetic diversity in tropical agroforestry
260 _bAgroforestry Systems
_c2004
300 _a183-194
650 _aAgroecosystems
650 _aConservation
650 _aGenetic diversity
650 _aGenetic management
650 _aTree genetic resources
700 _aAmaral W
700 _aKindt R
700 _aSkilton J N
942 _cJS
999 _c62467
_d62467